[Event "DVM U16w 2023"]
[Site "Magdeburg GER"]
[Date "2023.12.29"]
[Round "6"]
[White "Reich, Elisabeth"]
[Black "Reddi, Bhuvana"]
[Result "0-1"]
[Termination "normal"]
[Board "5.1"]
[WhiteElo "1573"]
[BlackElo "1565"]
[WhiteClock "00:00:54"]
[BlackClock "00:29:22"]
[WhiteTeam "ATSV Oberkotzau"]
[BlackTeam "SC Weisse Dame"]
[PlyCount "112"]
[WhiteFideId "16239776"]
[BlackFideId "16287002"]
[EventCountry "GER"]
[EventRounds "7"]
[EventType "team-swiss"]
[EventDate "2023.12.26"]

1. e4 {[%clk 01:30:58]} {[%emt 00:00:01]} e5 {[%clk 01:30:56]} {[%emt
00:00:04]} 2. Nf3 {[%clk 01:31:23]} {[%emt 00:00:05]} Nc6 {[%clk 01:31:22]}
{[%emt 00:00:04]} 3. Bc4 {[%clk 01:31:43]} {[%emt 00:00:11]} Nf6 {[%clk
01:31:48]} {[%emt 00:00:05]} 4. d3 {[%clk 01:32:04]} {[%emt 00:00:08]} Be7
{[%clk 01:32:08]} {[%emt 00:00:09]} 5. O-O {[%clk 01:32:28]} {[%emt 00:00:07]}
O-O {[%clk 01:32:26]} {[%emt 00:00:11]} 6. Nbd2 {[%clk 01:32:24]} {[%emt
00:00:34]} d6 {[%clk 01:32:14]} {[%emt 00:00:43]} 7. c3 {[%clk 01:32:31]}
{[%emt 00:00:21]} h6 {[%clk 01:32:08]} {[%emt 00:00:38]} 8. h3 {[%clk
01:32:47]} {[%emt 00:00:13]} Kh8 {[%clk 01:32:24]} {[%emt 00:00:12]} 9. Re1
{[%clk 01:31:49]} {[%emt 00:01:28]} Nh7 {[%clk 01:32:28]} {[%emt 00:00:27]} 10.
Nf1 {[%clk 01:30:37]} {[%emt 00:01:42]} f5 {[%clk 01:31:54]} {[%emt 00:01:03]}
11. Ne3 {[%clk 01:27:56]} {[%emt 00:03:11]} f4 {[%clk 01:27:44]} {[%emt
00:04:42]} 12. Nd5 {[%clk 01:23:57]} {[%emt 00:04:28]} Na5 {[%clk 01:27:32]}
{[%emt 00:00:40]} 13. Nxe7 {[%clk 01:23:58]} {[%emt 00:00:32]} Qxe7 {[%clk
01:27:53]} {[%emt 00:00:10]} 14. Bb5 {[%clk 01:23:55]} {[%emt 00:00:27]} a6
{[%clk 01:25:25]} {[%emt 00:03:02]} 15. Ba4 {[%clk 01:24:22]} {[%emt 00:00:03]}
b5 {[%clk 01:24:56]} {[%emt 00:01:01]} 16. Bc2 {[%clk 01:24:45]} {[%emt
00:00:06]} Ng5 {[%clk 01:25:21]} {[%emt 00:00:06]} 17. d4 {[%clk 01:20:18]}
{[%emt 00:04:57]} Nc6 {[%clk 01:21:43]} {[%emt 00:04:04]} 18. d5 {[%clk
01:18:36]} {[%emt 00:02:17]} Nd8 {[%clk 01:21:37]} {[%emt 00:00:31]} 19. Nxg5
{[%clk 01:17:13]} {[%emt 00:01:57]} Qxg5 {[%clk 01:21:52]} {[%emt 00:00:16]}
20. Qf3 {[%clk 01:13:41]} {[%emt 00:03:57]} Nf7 {[%clk 01:20:22]} {[%emt
00:02:03]} 21. Bd1 {[%clk 01:06:31]} {[%emt 00:07:41]} Qf6 {[%clk 01:19:34]}
{[%emt 00:01:19]} 22. Qe2 {[%clk 00:57:24]} {[%emt 00:09:32]} Ng5 {[%clk
01:18:15]} {[%emt 00:01:52]} 23. f3 {[%clk 00:57:38]} {[%emt 00:00:17]} Qg6
{[%clk 01:18:02]} {[%emt 00:00:42]} 24. Kh1 {[%clk 00:52:56]} {[%emt 00:05:10]}
Qh5 {[%clk 01:17:33]} {[%emt 00:01:01]} 25. Qf2 {[%clk 00:49:10]} {[%emt
00:04:14]} Rf6 {[%clk 01:17:14]} {[%emt 00:00:47]} 26. h4 {[%clk 00:40:30]}
{[%emt 00:09:16]} Nh7 {[%clk 01:16:48]} {[%emt 00:00:55]} 27. g4 {[%clk
00:39:31]} {[%emt 00:01:28]} fxg3 {[%clk 01:14:55]} {[%emt 00:02:23]} 28. Qxg3
{[%clk 00:39:53]} {[%emt 00:00:09]} Rg6 {[%clk 01:14:24]} {[%emt 00:00:57]} 29.
Qh2 {[%clk 00:39:32]} {[%emt 00:00:52]} Nf6 {[%clk 01:14:09]} {[%emt 00:00:47]}
30. Rg1 {[%clk 00:34:12]} {[%emt 00:05:50]} Rxg1+ {[%clk 01:13:45]} {[%emt
00:00:54]} 31. Kxg1 {[%clk 00:34:33]} {[%emt 00:00:07]} Qg6+ {[%clk 01:13:48]}
{[%emt 00:00:27]} 32. Qg2 {[%clk 00:31:20]} {[%emt 00:03:42]} Qh5 {[%clk
01:12:05]} {[%emt 00:02:14]} 33. Qh2 {[%clk 00:31:22]} {[%emt 00:00:27]} Nxe4
{[%clk 01:12:06]} {[%emt 00:00:31]} 34. Bxh6 {[%clk 00:30:29]} {[%emt
00:01:22]} Qxh6 {[%clk 01:11:28]} {[%emt 00:01:08]} 35. fxe4 {[%clk 00:30:35]}
{[%emt 00:00:24]} Qe3+ {[%clk 01:10:32]} {[%emt 00:01:26]} 36. Qf2 {[%clk
00:30:10]} {[%emt 00:00:54]} Qxe4 {[%clk 01:10:05]} {[%emt 00:00:58]} 37. Bf3
{[%clk 00:25:49]} {[%emt 00:04:50]} Qg6+ {[%clk 01:09:33]} {[%emt 00:01:02]}
38. Qg2 {[%clk 00:22:31]} {[%emt 00:03:50]} Bf5 {[%clk 01:05:02]} {[%emt
00:05:00]} 39. Qxg6 {[%clk 00:20:59]} {[%emt 00:02:02]} Bxg6 {[%clk 01:05:24]}
{[%emt 00:00:08]} 40. a4 {[%clk 00:20:37]} {[%emt 00:00:53]} Be8 {[%clk
01:04:03]} {[%emt 00:01:51]} 41. axb5 {[%clk 00:19:48]} {[%emt 00:01:18]} Bxb5
{[%clk 01:04:18]} {[%emt 00:00:16]} 42. Kf2 {[%clk 00:17:03]} {[%emt 00:03:13]}
Bc4 {[%clk 01:01:39]} {[%emt 00:03:09]} 43. Ke3 {[%clk 00:16:09]} {[%emt
00:01:25]} Rb8 {[%clk 01:01:35]} {[%emt 00:00:35]} 44. b4 {[%clk 00:15:44]}
{[%emt 00:00:54]} Kh7 {[%clk 01:01:14]} {[%emt 00:00:52]} 45. h5 {[%clk
00:15:04]} {[%emt 00:01:11]} Kh6 {[%clk 01:01:29]} {[%emt 00:00:15]} 46. Ra5
{[%clk 00:13:23]} {[%emt 00:02:03]} Rf8 {[%clk 01:00:27]} {[%emt 00:01:37]} 47.
Ra1 {[%clk 00:13:25]} {[%emt 00:00:27]} Rf4 {[%clk 00:59:07]} {[%emt 00:01:54]}
48. Rg1 {[%clk 00:13:00]} {[%emt 00:00:49]} Rf6 {[%clk 00:57:37]} {[%emt
00:02:06]} 49. Ra1 {[%clk 00:12:36]} {[%emt 00:00:53]} Rf5 {[%clk 00:39:55]}
{[%emt 00:18:11]} 50. Rd1 {[%clk 00:07:56]} {[%emt 00:05:04]} Rg5 {[%clk
00:39:29]} {[%emt 00:01:03]} 51. Ra1 {[%clk 00:06:37]} {[%emt 00:01:46]} Rg3
{[%clk 00:34:08]} {[%emt 00:05:55]} 52. Kf2 {[%clk 00:05:43]} {[%emt 00:01:23]}
Rh3 {[%clk 00:34:01]} {[%emt 00:00:35]} 53. Rc1 {[%clk 00:04:20]} {[%emt
00:01:46]} Kg5 {[%clk 00:31:29]} {[%emt 00:03:12]} 54. Rg1+ {[%clk 00:04:18]}
{[%emt 00:00:30]} Kf6 {[%clk 00:29:34]} {[%emt 00:02:26]} 55. Rg6+ {[%clk
00:00:48]} {[%emt 00:04:00]} Kf7 {[%clk 00:29:54]} {[%emt 00:00:08]} 56. Rg4
{[%clk 00:00:54]} {[%emt 00:00:20]} Bd3 {[%clk 00:29:22]} {[%emt 00:01:04]} *

[Event "DVM U16w 2023"]
[Site "Magdeburg GER"]
[Date "2023.12.29"]
[Round "6"]
[White "Grigoryan, Nare"]
[Black "Hergenröder, Cora"]
[Result "1/2-1/2"]
[Termination "normal"]
[Board "5.2"]
[WhiteElo "1341"]
[BlackElo "1500"]
[WhiteClock "00:22:09"]
[BlackClock "00:25:34"]
[WhiteTeam "SC Weisse Dame"]
[BlackTeam "ATSV Oberkotzau"]
[PlyCount "90"]
[WhiteFideId "34620702"]
[BlackFideId "34603700"]
[EventCountry "GER"]
[EventRounds "7"]
[EventType "team-swiss"]
[EventDate "2023.12.26"]

1. e4 {[%clk 01:30:57]} {[%emt 00:00:03]} c6 {[%clk 01:30:54]} {[%emt
00:00:07]} 2. d4 {[%clk 01:31:22]} {[%emt 00:00:05]} d5 {[%clk 01:31:20]}
{[%emt 00:00:04]} 3. exd5 {[%clk 01:31:48]} {[%emt 00:00:04]} cxd5 {[%clk
01:31:42]} {[%emt 00:00:08]} 4. c4 {[%clk 01:32:14]} {[%emt 00:00:05]} Nf6
{[%clk 01:31:58]} {[%emt 00:00:13]} 5. Nc3 {[%clk 01:32:39]} {[%emt 00:00:06]}
e6 {[%clk 01:31:54]} {[%emt 00:00:35]} 6. Nf3 {[%clk 01:31:02]} {[%emt
00:02:05]} Nc6 {[%clk 01:31:48]} {[%emt 00:00:36]} 7. Bg5 {[%clk 01:26:36]}
{[%emt 00:04:55]} Be7 {[%clk 01:31:58]} {[%emt 00:00:21]} 8. cxd5 {[%clk
01:23:39]} {[%emt 00:03:27]} Nxd5 {[%clk 01:31:32]} {[%emt 00:00:56]} 9. Nxd5
{[%clk 01:21:58]} {[%emt 00:02:11]} Qxd5 {[%clk 01:30:47]} {[%emt 00:01:15]}
10. Be3 {[%clk 01:20:19]} {[%emt 00:02:08]} O-O {[%clk 01:29:08]} {[%emt
00:02:11]} 11. Qb3 {[%clk 01:16:01]} {[%emt 00:04:46]} Bb4+ {[%clk 01:17:41]}
{[%emt 00:11:59]} 12. Nd2 {[%clk 01:09:49]} {[%emt 00:06:41]} Bxd2+ {[%clk
01:17:41]} {[%emt 00:00:30]} 13. Bxd2 {[%clk 01:09:53]} {[%emt 00:00:26]} Qxb3
{[%clk 01:16:42]} {[%emt 00:01:30]} 14. axb3 {[%clk 01:09:57]} {[%emt
00:00:25]} Nxd4 {[%clk 01:17:04]} {[%emt 00:00:09]} 15. Rd1 {[%clk 01:02:56]}
{[%emt 00:07:29]} Nxb3 {[%clk 01:15:08]} {[%emt 00:02:27]} 16. Bb4 {[%clk
01:02:06]} {[%emt 00:01:17]} Re8 {[%clk 01:14:58]} {[%emt 00:00:43]} 17. Bb5
{[%clk 01:02:22]} {[%emt 00:00:14]} Rf8 {[%clk 01:12:26]} {[%emt 00:03:04]} 18.
Bxf8 {[%clk 01:02:37]} {[%emt 00:00:15]} Kxf8 {[%clk 01:12:53]} {[%emt
00:00:03]} 19. Rd8+ {[%clk 01:02:42]} {[%emt 00:00:24]} Ke7 {[%clk 01:13:09]}
{[%emt 00:00:15]} 20. Re8+ {[%clk 01:02:34]} {[%emt 00:00:39]} Kf6 {[%clk
01:12:15]} {[%emt 00:01:24]} 21. Bd7 {[%clk 01:02:34]} {[%emt 00:00:28]} Nc5
{[%clk 01:10:52]} {[%emt 00:01:56]} 22. Rxc8 {[%clk 01:02:35]} {[%emt
00:00:28]} Rxc8 {[%clk 01:10:50]} {[%emt 00:00:32]} 23. Bxc8 {[%clk 01:02:57]}
{[%emt 00:00:07]} b6 {[%clk 01:07:44]} {[%emt 00:03:36]} 24. O-O {[%clk
01:03:07]} {[%emt 00:00:20]} Na4 {[%clk 01:06:56]} {[%emt 00:01:19]} 25. Ra1
{[%clk 01:03:14]} {[%emt 00:00:21]} Nxb2 {[%clk 01:06:45]} {[%emt 00:00:42]}
26. Rxa7 {[%clk 01:03:37]} {[%emt 00:00:07]} Nc4 {[%clk 01:05:42]} {[%emt
00:01:34]} 27. Ba6 {[%clk 01:03:12]} {[%emt 00:00:53]} Nd6 {[%clk 01:05:19]}
{[%emt 00:00:53]} 28. Rd7 {[%clk 01:02:46]} {[%emt 00:00:55]} Ne4 {[%clk
01:05:08]} {[%emt 00:00:42]} 29. f3 {[%clk 01:03:02]} {[%emt 00:00:14]} Nc5
{[%clk 01:05:16]} {[%emt 00:00:23]} 30. Rd6 {[%clk 01:03:10]} {[%emt 00:00:22]}
Nxa6 {[%clk 01:05:23]} {[%emt 00:00:23]} 31. Rxb6 {[%clk 01:03:31]} {[%emt
00:00:10]} Nc7 {[%clk 01:04:51]} {[%emt 00:01:01]} 32. Rb7 {[%clk 01:03:10]}
{[%emt 00:00:52]} Nd5 {[%clk 01:04:58]} {[%emt 00:00:22]} 33. Kf2 {[%clk
01:03:09]} {[%emt 00:00:30]} Ne7 {[%clk 01:03:13]} {[%emt 00:02:16]} 34. g4
{[%clk 01:03:02]} {[%emt 00:00:37]} Nd5 {[%clk 00:59:22]} {[%emt 00:04:22]} 35.
Kg3 {[%clk 00:58:43]} {[%emt 00:04:49]} g5 {[%clk 00:47:56]} {[%emt 00:11:56]}
36. h4 {[%clk 00:48:11]} {[%emt 00:11:02]} h6 {[%clk 00:40:20]} {[%emt
00:08:07]} 37. h5 {[%clk 00:48:02]} {[%emt 00:00:40]} Kg7 {[%clk 00:38:01]}
{[%emt 00:02:48]} 38. Kf2 {[%clk 00:45:06]} {[%emt 00:03:25]} Kf8 {[%clk
00:36:37]} {[%emt 00:01:55]} 39. Ke2 {[%clk 00:44:30]} {[%emt 00:01:04]} Kg7
{[%clk 00:36:33]} {[%emt 00:00:36]} 40. Kd3 {[%clk 00:44:19]} {[%emt 00:00:38]}
Kf6 {[%clk 00:34:33]} {[%emt 00:02:32]} 41. Ke4 {[%clk 00:39:43]} {[%emt
00:05:03]} Kg7 {[%clk 00:26:46]} {[%emt 00:08:21]} 42. Ke5 {[%clk 00:38:42]}
{[%emt 00:01:28]} Nf6 {[%clk 00:25:41]} {[%emt 00:01:36]} 43. Kd6 {[%clk
00:30:47]} {[%emt 00:08:22]} Nd5 {[%clk 00:25:08]} {[%emt 00:01:00]} 44. Kd7
{[%clk 00:23:26]} {[%emt 00:07:55]} Nf6+ {[%clk 00:25:13]} {[%emt 00:00:28]}
45. Kd6 {[%clk 00:22:09]} {[%emt 00:01:43]} Nd5 {[%clk 00:25:34]} {[%emt
00:00:11]} 1/2-1/2

[Event "DVM U16w 2023"]
[Site "Magdeburg GER"]
[Date "2023.12.29"]
[Round "6"]
[White "Leuchsenring, Delia"]
[Black "Bauer, Sophia"]
[Result "1-0"]
[Termination "normal"]
[Board "5.3"]
[WhiteElo "1097"]
[BlackElo "1121"]
[WhiteClock "00:05:32"]
[BlackClock "00:08:08"]
[WhiteTeam "ATSV Oberkotzau"]
[BlackTeam "SC Weisse Dame"]
[PlyCount "79"]
[WhiteFideId "34605304"]
[BlackFideId "34620583"]
[EventCountry "GER"]
[EventRounds "7"]
[EventType "team-swiss"]
[EventDate "2023.12.26"]

1. e4 {[%clk 01:30:59]} e5 {[%clk 01:30:58]} {[%emt 00:00:03]} 2. Nf3 {[%clk
01:31:17]} {[%emt 00:00:12]} Nc6 {[%clk 01:31:23]} {[%emt 00:00:05]} 3. d4
{[%clk 01:31:43]} {[%emt 00:00:04]} exd4 {[%clk 01:31:49]} {[%emt 00:00:04]} 4.
Nxd4 {[%clk 01:32:06]} {[%emt 00:00:07]} Bb4+ {[%clk 01:29:56]} {[%emt
00:02:23]} 5. c3 {[%clk 01:30:39]} {[%emt 00:01:57]} Bc5 {[%clk 01:28:25]}
{[%emt 00:01:59]} 6. Be3 {[%clk 01:29:01]} {[%emt 00:02:09]} Nxd4 {[%clk
01:24:31]} {[%emt 00:04:24]} 7. cxd4 {[%clk 01:27:10]} {[%emt 00:02:21]} Bb4+
{[%clk 01:24:17]} {[%emt 00:00:45]} 8. Nc3 {[%clk 01:27:04]} {[%emt 00:00:36]}
Nf6 {[%clk 01:20:37]} {[%emt 00:04:09]} 9. Bd3 {[%clk 01:25:54]} {[%emt
00:01:41]} Qe7 {[%clk 01:18:04]} {[%emt 00:03:02]} 10. Qf3 {[%clk 01:20:59]}
{[%emt 00:05:26]} d6 {[%clk 01:13:28]} {[%emt 00:05:05]} 11. O-O {[%clk
01:18:00]} {[%emt 00:03:30]} Bxc3 {[%clk 01:11:48]} {[%emt 00:02:09]} 12. bxc3
{[%clk 01:17:52]} {[%emt 00:00:39]} Bg4 {[%clk 01:09:06]} {[%emt 00:03:12]} 13.
Qf4 {[%clk 01:12:58]} {[%emt 00:05:23]} Bd7 {[%clk 01:06:37]} {[%emt 00:02:58]}
14. Rab1 {[%clk 01:05:03]} {[%emt 00:08:26]} b6 {[%clk 01:04:17]} {[%emt
00:02:50]} 15. e5 {[%clk 00:56:37]} {[%emt 00:08:57]} Nd5 {[%clk 01:00:27]}
{[%emt 00:04:18]} 16. Qf3 {[%clk 00:53:21]} {[%emt 00:03:48]} c6 {[%clk
00:57:30]} {[%emt 00:03:26]} 17. Bf4 {[%clk 00:45:46]} {[%emt 00:08:06]} Nxf4
{[%clk 00:55:43]} {[%emt 00:02:16]} 18. Qxf4 {[%clk 00:46:04]} {[%emt
00:00:13]} dxe5 {[%clk 00:55:42]} {[%emt 00:00:30]} 19. Qxe5 {[%clk 00:43:24]}
{[%emt 00:03:11]} Qxe5 {[%clk 00:56:04]} {[%emt 00:00:06]} 20. dxe5 {[%clk
00:43:42]} {[%emt 00:00:12]} O-O {[%clk 00:56:00]} {[%emt 00:00:34]} 21. Rbd1
{[%clk 00:42:20]} {[%emt 00:01:53]} Be6 {[%clk 00:52:53]} {[%emt 00:03:37]} 22.
Rd2 {[%clk 00:40:49]} {[%emt 00:02:02]} Rad8 {[%clk 00:49:47]} {[%emt
00:03:35]} 23. Rfd1 {[%clk 00:39:26]} {[%emt 00:01:54]} g6 {[%clk 00:49:54]}
{[%emt 00:00:22]} 24. f4 {[%clk 00:36:57]} {[%emt 00:02:59]} Bg4 {[%clk
00:43:53]} {[%emt 00:06:32]} 25. Rf1 {[%clk 00:36:04]} {[%emt 00:01:23]} Rd7
{[%clk 00:41:20]} {[%emt 00:03:02]} 26. Kf2 {[%clk 00:30:22]} {[%emt 00:06:13]}
Rfd8 {[%clk 00:38:04]} {[%emt 00:03:45]} 27. Ke3 {[%clk 00:30:04]} {[%emt
00:00:49]} c5 {[%clk 00:35:42]} {[%emt 00:02:52]} 28. h3 {[%clk 00:26:28]}
{[%emt 00:04:07]} c4 {[%clk 00:30:55]} {[%emt 00:05:17]} 29. hxg4 {[%clk
00:22:51]} {[%emt 00:04:06]} Rxd3+ {[%clk 00:31:11]} {[%emt 00:00:14]} 30. Rxd3
{[%clk 00:22:58]} {[%emt 00:00:24]} Rxd3+ {[%clk 00:31:35]} {[%emt 00:00:05]}
31. Ke4 {[%clk 00:22:51]} {[%emt 00:00:37]} Rxc3 {[%clk 00:31:48]} {[%emt
00:00:17]} 32. f5 {[%clk 00:21:00]} {[%emt 00:02:21]} Rd3 {[%clk 00:28:30]}
{[%emt 00:03:48]} 33. e6 {[%clk 00:20:24]} {[%emt 00:01:06]} gxf5+ {[%clk
00:26:19]} {[%emt 00:02:40]} 34. gxf5 {[%clk 00:20:09]} {[%emt 00:00:45]} f6
{[%clk 00:23:41]} {[%emt 00:03:08]} 35. Rf2 {[%clk 00:18:16]} {[%emt 00:02:23]}
Kf8 {[%clk 00:20:51]} {[%emt 00:03:21]} 36. g4 {[%clk 00:13:55]} {[%emt
00:04:51]} Rd6 {[%clk 00:12:19]} {[%emt 00:09:03]} 37. Rh2 {[%clk 00:11:49]}
{[%emt 00:02:36]} Rd8 {[%clk 00:08:04]} {[%emt 00:04:43]} 38. Rxh7 {[%clk
00:11:31]} {[%emt 00:00:49]} Re8 {[%clk 00:08:23]} {[%emt 00:00:12]} 39. Rf7+
{[%clk 00:07:56]} {[%emt 00:04:04]} Kg8 {[%clk 00:08:08]} {[%emt 00:00:45]} 40.
Kd4 {[%clk 00:05:32]} {[%emt 00:02:54]} *

[Event "DVM U16w 2023"]
[Site "Magdeburg GER"]
[Date "2023.12.29"]
[Round "6"]
[White "Kremling, Alamea"]
[Black "Köppel, Clementine"]
[Result "1/2-1/2"]
[Termination "normal"]
[Board "5.4"]
[WhiteElo "1006"]
[BlackElo "1267"]
[WhiteClock "00:12:00"]
[BlackClock "00:18:35"]
[WhiteTeam "SC Weisse Dame"]
[BlackTeam "ATSV Oberkotzau"]
[PlyCount "61"]
[WhiteFideId "34630228"]
[BlackFideId "34605819"]
[EventCountry "GER"]
[EventRounds "7"]
[EventType "team-swiss"]
[EventDate "2023.12.26"]

1. d4 {[%clk 01:30:56]} {[%emt 00:00:03]} d5 {[%clk 01:30:51]} {[%emt
00:00:10]} 2. c4 {[%clk 01:31:10]} {[%emt 00:00:16]} e6 {[%clk 01:31:12]}
{[%emt 00:00:10]} 3. Bf4 {[%clk 01:31:15]} {[%emt 00:00:24]} Nf6 {[%clk
01:30:38]} {[%emt 00:01:04]} 4. e3 {[%clk 01:31:11]} {[%emt 00:00:34]} Nbd7
{[%clk 01:28:12]} {[%emt 00:02:55]} 5. Nf3 {[%clk 01:30:39]} {[%emt 00:01:02]}
Be7 {[%clk 01:26:33]} {[%emt 00:02:10]} 6. Nc3 {[%clk 01:29:39]} {[%emt
00:01:30]} c6 {[%clk 01:26:30]} {[%emt 00:00:33]} 7. Bd3 {[%clk 01:28:23]}
{[%emt 00:01:45]} O-O {[%clk 01:24:55]} {[%emt 00:02:05]} 8. O-O {[%clk
01:28:32]} {[%emt 00:00:21]} Re8 {[%clk 01:21:52]} {[%emt 00:03:34]} 9. e4
{[%clk 01:25:05]} {[%emt 00:03:57]} dxe4 {[%clk 01:20:59]} {[%emt 00:01:24]}
10. Nxe4 {[%clk 01:24:47]} {[%emt 00:00:45]} h6 {[%clk 01:20:03]} {[%emt
00:01:28]} 11. Ne5 {[%clk 01:16:47]} {[%emt 00:08:28]} Nxe4 {[%clk 01:14:48]}
{[%emt 00:05:46]} 12. Nxd7 {[%clk 01:12:31]} {[%emt 00:04:46]} Nxf2 {[%clk
01:12:37]} {[%emt 00:02:41]} 13. Rxf2 {[%clk 01:11:42]} {[%emt 00:01:18]} Qxd7
{[%clk 01:09:42]} {[%emt 00:03:27]} 14. Be3 {[%clk 01:08:22]} {[%emt 00:03:49]}
Bf8 {[%clk 01:07:25]} {[%emt 00:02:45]} 15. Qf3 {[%clk 01:05:11]} {[%emt
00:03:43]} Qe7 {[%clk 00:56:09]} {[%emt 00:11:48]} 16. Raf1 {[%clk 01:02:40]}
{[%emt 00:02:59]} f5 {[%clk 00:53:53]} {[%emt 00:02:46]} 17. Qg3 {[%clk
00:58:44]} {[%emt 00:04:27]} Kh8 {[%clk 00:49:42]} {[%emt 00:04:41]} 18. Qe5
{[%clk 00:39:56]} {[%emt 00:19:18]} Qd6 {[%clk 00:47:44]} {[%emt 00:02:28]} 19.
Bf4 {[%clk 00:32:08]} {[%emt 00:08:19]} Qxe5 {[%clk 00:46:41]} {[%emt
00:01:33]} 20. Bxe5 {[%clk 00:32:23]} {[%emt 00:00:14]} Kg8 {[%clk 00:43:34]}
{[%emt 00:03:37]} 21. Be2 {[%clk 00:26:32]} {[%emt 00:06:14]} Bd7 {[%clk
00:36:27]} {[%emt 00:07:45]} 22. Bh5 {[%clk 00:25:28]} {[%emt 00:01:32]} Red8
{[%clk 00:35:44]} {[%emt 00:01:15]} 23. g4 {[%clk 00:23:51]} {[%emt 00:02:06]}
Kh7 {[%clk 00:32:01]} {[%emt 00:04:13]} 24. Rg2 {[%clk 00:21:55]} {[%emt
00:02:27]} g6 {[%clk 00:31:01]} {[%emt 00:01:31]} 25. Bxg6+ {[%clk 00:20:10]}
{[%emt 00:02:14]} Kxg6 {[%clk 00:31:11]} {[%emt 00:00:20]} 26. gxf5+ {[%clk
00:20:28]} {[%emt 00:00:12]} Kh7 {[%clk 00:30:11]} {[%emt 00:01:29]} 27. f6
{[%clk 00:19:34]} {[%emt 00:01:25]} c5 {[%clk 00:26:48]} {[%emt 00:03:52]} 28.
f7 {[%clk 00:18:10]} {[%emt 00:01:54]} cxd4 {[%clk 00:24:38]} {[%emt 00:02:40]}
29. Rg8 {[%clk 00:17:14]} {[%emt 00:01:26]} Bc5 {[%clk 00:18:14]} {[%emt
00:06:55]} 30. Rg7+ {[%clk 00:12:00]} {[%emt 00:05:27]} Kh8 {[%clk 00:18:35]}
{[%emt 00:00:26]} 31. Rg8+ {[%emt 00:04:36]} 1/2-1/2